Game of Thrones Houses - Statistics

General Stats
  • This quiz has been taken 1,068 times
  • The average score is 24 of 91
Answer Stats
Answer % Correct
Stark
99%
Lannister
97%
Baratheon
94%
Tyrell
93%
Martell
90%
Tully
89%
Greyjoy
85%
Arryn
82%
Bolton
80%
Karstark
78%
Mormont
75%
Umber
72%
Tarly
71%
Frey
70%
Clegane
68%
Baelish
53%
Reed
53%
Manderly
50%
Tarth
49%
Dayne
44%
Hightower
43%
Royce
41%
Selmy
41%
Payne
39%
Florent
35%
Redwyne
32%
Blackwood
29%
Trant
29%
Cerwyn
28%
Mallister
28%
Westerling
28%
Bracken
27%
Hornwood
27%
Yronwood
24%
Slynt
23%
Thorne
22%
Dustin
21%
Harlaw
21%
Oakheart
20%
Whent
20%
Reyne
17%
Stokeworth
16%
Crakehall
14%
Darry
14%
Fossoway
14%
Poole
14%
Corbray
13%
Mooton
13%
Blount
12%
Estermont
12%
Marbrand
12%
Moore
12%
Ryswell
12%
Swyft
12%
Beesbury
10%
Goodbrother
9%
Rosby
9%
Smallwood
9%
Tollet
9%
Uller
8%
Ashford
7%
Botley
7%
Egen
7%
Hunter
7%
Blacktyde
6%
Casterly
6%
Jordayne
6%
Lefford
6%
Allyrion
5%
Manwoody
5%
Qorgyle
5%
Rykker
5%
Serrett
4%
Wylde
4%
Brune
3%
Bulwer
3%
Cuy
3%
Errol
3%
Yarwyck
3%
Gaunt
2%
Kenning
2%
Lynderly
2%
Merlyn
2%
Musgood
2%
Sarsfield
2%
Sparr
2%
Waynewood
2%
Dormund
1%
Leygood
1%
Blackmount
0%
Peasbury
0%
No matching quizzes found
Score Distribution
Percent of People with Each Score
Percentile by Number Answered
Your Score History
You have not taken this quiz